| 000 | 01613cam a22004814i 4500 | ||
|---|---|---|---|
| 003 | PE-LiUPU | ||
| 005 | 20250731173523.0 | ||
| 008 | 150616s r 000 0 d | ||
| 020 | _a0802808344 | ||
| 035 | _a(Sirsi) i9780802808349 | ||
| 040 |
_aPE-LiUPU _bspa _cPE-LiUPU _erda |
||
| 049 | _aPRUA | ||
| 082 | 0 | 4 |
_a248.6 _bV27 _221 |
| 100 | 1 |
_aVallet, Ronald E., _eautor. |
|
| 245 | 1 | 0 | _aStepping Stones of the Steward. |
| 264 | 1 |
_aMichigan : _bWm. B. Eerdmans Publishing Co., _c1994. |
|
| 300 |
_a192 páginas ; _c23 centímetros |
||
| 336 |
_atext _2rdacontent |
||
| 337 |
_aunmediated _2rdamedia |
||
| 338 |
_avolume _2rdacarrier |
||
| 490 | 0 | _aFaith's Horizons Series | |
| 500 |
_aJesucristo - Parábolas _bvéase _cPARABOLAS BIBLICAS. |
||
| 505 | 0 | _aGaining a sense of purpose.- Using resources and taking risks.- Reaching out.- Reality and growth. | |
| 526 | _aSEG42 | ||
| 526 | _aSEG41 | ||
| 526 | _aSEG40 | ||
| 526 | _aSEG39 | ||
| 526 | _aP94 | ||
| 526 | _aP87 | ||
| 526 | _aP86 | ||
| 526 | _aP85 | ||
| 526 | _aP77 | ||
| 526 | _aP76 | ||
| 526 | _aP35 | ||
| 650 | 0 | 4 |
_aMAYORDOMIA CRISTIANA. _9930 |
| 910 |
_ajck _bjvq _cjck |
||
| 942 |
_2ddc _cBOOK |
||
| 949 |
_a248.6 V27 _wDEWEY _c1 _i42134 _lCCODEBUL1 _mBUL _r0 _sY _tBOOK _u2015-6-16 _xTEOLOGIA _zUNKNOWN _0COMPRA _o.STAFF. Colección General |
||
| 994 |
_aC0 _bPEPRU |
||
| 596 | _a1 | ||
| 999 |
_a248.6 V27 _wDEWEY _c59828 _i42134 _f2021-11-12 _g5 _lCCODEBUL1 _mBUL _r0 _sY _tBOOK _u2015-6-16 _xTEOLOGIA _zUNKNOWN _0COMPRA _o.STAFF. Colección General _d59828 |
||
| 980 |
_81 _gALBERTO SANCHEZ Responsable de Automatización |
||